| 000 | 01240cam a22003377a 4500 | ||
|---|---|---|---|
| 003 | CHAP | ||
| 005 | 20220329133909.0 | ||
| 008 | 971013s1966 r 00010 d | ||
| 010 | _a12412 | ||
| 011 | _a13384 | ||
| 035 | _a17455 | ||
| 040 | _cCHAP | ||
| 082 |
_a333.7 _bG5 |
||
| 100 | 0 | 0 |
_aGiles, Antonio. _947992 |
| 245 | 0 | _aContribución al planeamiento para la consolidación de la colonia "Repatriación", Caaguazú, Paraguay | |
| 260 |
_aBogotá : _bIICA-CIRA, _c1966 |
||
| 300 |
_a187 p. _b: planos |
||
| 490 | 0 |
_aIICA-CIRA. Materiales de enseñanza para reforma agraria _v; 11 |
|
| 590 |
_aBATCH-UPD _b10 _c20130110 _lUCH01 _h0333 |
||
| 590 |
_aBATCH-UPD _b10 _c20130110 _lUCH01 _h2114 |
||
| 590 |
_aBATCH-UPD _b10 _c20130410 _lUCH01 _h0006 |
||
| 590 |
_aBATCH-UPD _b10 _c20130914 _lUCH01 _h1010 |
||
| 590 |
_aCONVERSION _b10 _c20130109 _lUCH01 _h1308 |
||
| 650 | 1 | 4 |
_aAgricultura _xParaguay. _91761 |
| 650 | 1 | 4 |
_aColonización agrícola _xParaguay. _925402 |
| 830 | 0 |
_aIICA-CIRA. Materiales de enseñanza para reforma agraria _v; 11 _957373 |
|
| 901 | _aBK | ||
| 942 | _cLIBRO | ||
| 949 |
_a333.7 G5 _bBC _cLIBRO _d33724000340857 _eLIBRO _fc.2 _h12385 _i17455 _mD _si |
||
| 949 |
_a333.7 G5 _bBC _cLIBRO _d33724000340881 _eLIBRO _h3887 _i17455 _mD _si |
||
| 999 |
_c12412 _d12412 |
||